Capital to Country - Sudden Death - Statistics

General Stats
  • This quiz has been taken 158 times
  • The average score is 14 of 20
Answers on the Grid
Answers color-coded by a green-red scale on the quiz's grid according to % correct below.
Afghanistan - Kandahar
Australia - Canberra
Bahamas - Nassau
Belgium - Antwerp
Botswana - Gaborone
Brazil - São Paulo
Chile - Santiago
Denmark - Esbjerg
Ecuador - Quito
Estonia - Tallinn
Fiji - Nadi
Gambia - Banjul
Germany - Munich
Hungary - Budapest
India - New Delhi
Ireland - Dublin
Kenya - Nairobi
Libya - Tripoli
Lithuania - Kaunas
Malaysia - Kuala Lumpur
Morocco - Fez
Nepal - Kathmandu
Nigeria - Lagos
North Korea - Rason
Pakistan - Rawalpindi
Peru - Lima
Poland - Kraków
Qatar - Doha
South Korea - Seoul
Tanzania - Dar es Salaam
Turkey - Istanbul
Ukraine - Kyiv
United Arab Emirates - Dubai
United States - New York
Uzbekistan - Tashkent
Zimbabwe - Harare
 
Answer Stats
Answer % Correct
Australia - Canberra
90%
Ireland - Dublin
83%
Chile - Santiago
81%
Hungary - Budapest
80%
Ecuador - Quito
78%
India - New Delhi
78%
Kenya - Nairobi
76%
South Korea - Seoul
74%
Bahamas - Nassau
73%
Estonia - Tallinn
73%
Malaysia - Kuala Lumpur
72%
Peru - Lima
72%
Ukraine - Kyiv
72%
Libya - Tripoli
71%
Nepal - Kathmandu
68%
Qatar - Doha
67%
Botswana - Gaborone
54%
Zimbabwe - Harare
54%
Uzbekistan - Tashkent
53%
Gambia - Banjul
50%
No matching quizzes found
Score Distribution
Percent of People with Each Score
Percentile by Number Answered
Your Score History
You have not taken this quiz